Το όλον, το τραγικόν και η αγωγή

Αποθηκεύτηκε σε:
Λεπτομέρειες βιβλιογραφικής εγγραφής
Κύριος συγγραφέας: Παπαδόπουλος, Γιάννης, 1952-
Μορφή: Βιβλίο
Γλώσσα:Greek
Δημοσίευση: Αθήνα : Ψηφίδα, 2002
Θέματα:
Ετικέτες: Προσθήκη ετικέτας
Δεν υπάρχουν, Καταχωρήστε ετικέτα πρώτοι!

MARC

LEADER 00000cam a2200000 i 4500
001 1/49222
008 040224s2002 gr | ||| |||| ||gre||
020 |a 9608225009 
035 |l 10072380 
040 |a GR-MY-UA  |b gre  |e aacr 
041 0 |a gre 
082 0 |a 882.0109 
100 1 |a Παπαδόπουλος, Γιάννης,   |d 1952- 
245 1 3 |a Το όλον, το τραγικόν και η αγωγή /  |c Γιάννη Παπαδόπουλου 
260 |a Αθήνα :   |b Ψηφίδα,   |c 2002 
300 |a 326 σ. 
650 0 0 |a Greek drama (Tragedy)  |x History and criticism. 
650 0 0 |a Theater  |z Greece  |x History. 
650 0 0 |a Tragic, The. 
852 |a INST  |b LESVOS  |e 20190207  |h 882.0109 ΠΑΠ  |p 005100060666  |q 005100060666  |t BK  |y 0 
852 |a INST  |b RHODES  |e 20040224  |h 882.0109 ΠΑΠ  |p 005400019653  |q 005400019653  |t BK  |y 0 
852 |a INST  |b RHODES  |e 20121102  |h 882.0109 ΠΑΠ  |p 005400034725  |q 005400034725  |t BK  |y 0 
901 |a BIBL4-2004-1 
901 |a BIBL4-2012-3 
909 |a Ρ  |b 105124 
909 |a Ρ  |b 176305 
920 |a ΔΩΡΕΑ ΒΙΒΛΙΟΘΗΚΗΣ  |y Ρόδος  |z 2012-10 
970 |a ΚΟΥΛΑΚΙΟΤΗ  |b ΛΙΤΣΑ  |z 2004/02/24